[Event "World Amateur-ch U2300"]
[Site "Spoleto"]
[Date "2017.04.03"]
[Round "4"]
[White "Marmili, Giulio"]
[Black "Tolibayev, Timur"]
[Result "1-0"]
[WhiteElo "2190"]
[BlackElo "2053"]
[PlyCount "163"]
[EventDate "2017.04.01"]
[EventType "swiss"]
[EventRounds "9"]
[EventCountry "ITA"]
[SourceTitle "CBM 177 Extra"]
[Source "ChessBase"]
[SourceDate "2017.04.27"]
[SourceVersion "1"]
[SourceVersionDate "2017.04.27"]
[SourceQuality "1"]

1. Nf3 d5 2. d4 Nf6 3. c4 e6 4. g3 Be7 5. Bg2 0-0 6. Qc2 c5 7. 0-0 cxd4 8. Nxd4 Nc6 9. Nxc6 bxc6 10. Rd1 Qb6 11. Be3 Bc5 12. Bxc5 Qxc5 13. Nd2 a5 14. Rac1 Ba6 15. e3 Rfb8 16. b3 Rc8 17. h3 Rab8 18. cxd5 Qxc2 19. Rxc2 cxd5 20. Rdc1 Kf8 21. Rc6 Ke7 22. R1c5 Rxc6 23. Rxc6 Ra8 24. e4 Nxe4 25. Nxe4 dxe4 26. Bxe4 Ra7 27. Rc5 Be2 28. f4 Kd6 29. Rc6+ Ke7 30. Kf2 Bb5 31. Rc5 Bd7 32. Ke3 h6 33. h4 Kd6 34. Kd4 Ra6 35. Bf3 Ra7 36. Be4 Ra6 37. f5 exf5 38. Rd5+ Ke7 39. Bxf5 Bc6 40. Re5+ Kd6 41. Bd3 f6 42. Rc5 Ra7 43. Bb5 Bg2 44. Bc4 Bc6 45. Bd5 Bd7 46. Be4 Ra6 47. Bd3 Ra8 48. Bb5 Bxb5 49. Rxb5 Kc6 50. a4 Ra7 51. h5 Ra8 52. Ke4 Ra7 53. Kf5 Kd7 54. g4 Ke7 55. Rd5 Kf7 56. Ke4 g6 57. hxg6+ Kxg6 58. Kd4 Ra8 59. Rb5 Ra6 60. Kc4 Ra8 61. b4 axb4 62. Kxb4 Re8 63. a5 Re4+ 64. Kb3 Rxg4 65. a6 Rg1 66. Kb2 Rg4 67. Ka3 Rg1 68. Ka2 Rg2+ 69. Rb2 Rg5 70. Rb3 h5 71. Ra3 Re5 72. a7 Re8 73. a8Q Rxa8 74. Rxa8 h4 75. Kb2 Kg5 76. Kc2 Kg4 77. Kd2 Kg3 78. Ke2 h3 79. Rg8+ Kh2 80. Kf2 Kh1 81. Rh8 h2 82. Ra8 1-0

[Event "World Amateur-ch"]
[Site "Chalkidiki"]
[Date "2015.04.16"]
[Round "4"]
[White "Tolibayev, Timur"]
[Black "Kiremitciyan, Ari"]
[Result "1-0"]
[WhiteElo "1756"]
[BlackElo "1891"]
[PlyCount "53"]
[EventDate "2015.04.14"]
[EventType "team-swiss"]
[EventRounds "9"]
[EventCountry "GRE"]
[SourceTitle "CBM 166 Extra"]
[Source "ChessBase"]
[SourceDate "2015.06.18"]
[SourceVersion "1"]
[SourceVersionDate "2015.06.18"]
[SourceQuality "1"]

1. d4 d5 2. c4 c6 3. Nf3 Nf6 4. e3 e6 5. Bd3 dxc4 6. Bxc4 Nbd7 7. Nc3 b5 8. Bd3 Bd6 9. 0-0 0-0 10. b3 a6 11. Bb2 Bb7 12. a4 b4 13. Ne4 Nxe4 14. Bxe4 f5 15. Bd3 c5 16. Rc1 cxd4 17. Bc4 Bxf3 18. Bxe6+ Kh8 19. Qxf3 Ne5 20. Qh5 Rf6 21. Bd5 Rh6 22. Qxf5 g6 23. Qe6 Nf3+ 24. gxf3 Qg5+ 25. Qg4 Bxh2+ 26. Kg2 Qxd5 27. Qxd4+ 1-0

[Event "World Amateur-ch"]
[Site "Chalkidiki"]
[Date "2015.04.15"]
[Round "2"]
[White "Ahlqvist, Esa"]
[Black "Tolibayev, Timur"]
[Result "0-1"]
[WhiteElo "1930"]
[BlackElo "1756"]
[PlyCount "62"]
[EventDate "2015.04.14"]
[EventType "team-swiss"]
[EventRounds "9"]
[EventCountry "GRE"]
[SourceTitle "CBM 166 Extra"]
[Source "ChessBase"]
[SourceDate "2015.06.18"]
[SourceVersion "1"]
[SourceVersionDate "2015.06.18"]
[SourceQuality "1"]

1. e4 e5 2. Nf3 Nc6 3. Bc4 Bc5 4. c3 Nf6 5. d3 d6 6. h3 Bb6 7. Bb3 h6 8. Nbd2 Be6 9. Bc2 d5 10. Qe2 0-0 11. Nf1 d4 12. c4 Ba5+ 13. N3d2 Ne7 14. a3 c5 15. Rb1 Nc6 16. g4 Rb8 17. Ba4 Qc7 18. Ng3 a6 19. Bxc6 Bxd2+ 20. Bxd2 Qxc6 21. g5 hxg5 22. Bxg5 Nh7 23. Bd2 b5 24. cxb5 Rxb5 25. Rg1 Rfb8 26. Nh5 g6 27. Bc1 c4 28. Qd2 cxd3 29. f3 Qc2 30. Rg2 Qxd2+ 31. Kxd2 Ba2 0-1

[Event "Pavlodar op"]
[Site "Pavlodar"]
[Date "2014.12.05"]
[Round "6"]
[White "Davletbayeva, Madina"]
[Black "Tolibayev, Timur"]
[Result "1-0"]
[WhiteElo "2246"]
[BlackElo "1777"]
[PlyCount "55"]
[EventDate "2014.12.01"]
[EventType "swiss"]
[EventRounds "9"]
[EventCountry "KAZ"]
[SourceTitle "EXT 2016"]
[Source "ChessBase"]
[SourceDate "2015.10.08"]
[SourceVersion "1"]
[SourceVersionDate "2015.10.08"]
[SourceQuality "1"]

1. e4 e5 2. Nf3 Nf6 3. Nxe5 d6 4. Nf3 Nxe4 5. Nc3 Nxc3 6. dxc3 Be7 7. Be3 Nc6 8. Qd2 Be6 9. 0-0-0 Qd7 10. Kb1 Bf6 11. h3 h6 12. Nd4 Nxd4 13. Bxd4 Bxd4 14. Qxd4 0-0 15. g4 Qc6 16. Rg1 Qc5 17. Qd2 c6 18. Bd3 b5 19. f4 a5 20. f5 Bc4 21. Bxc4 Qxc4 22. g5 h5 23. Qxd6 b4 24. g6 f6 25. Rd4 Qb5 26. Qe6+ Kh8 27. Rh4 bxc3 28. Rxh5# 1-0

[Event "Kostanay Ufimtsev Memorial"]
[Site "Kostanay"]
[Date "2014.06.09"]
[Round "6"]
[White "Minbayev, Bolatbek"]
[Black "Tolibayev, Timur"]
[Result "1-0"]
[WhiteElo "1869"]
[BlackElo "1835"]
[PlyCount "61"]
[EventDate "2014.06.04"]
[EventType "swiss"]
[EventRounds "9"]
[EventCountry "KAZ"]
[SourceTitle "EXT 2018"]
[Source "ChessBase"]
[SourceDate "2017.10.13"]
[SourceVersion "1"]
[SourceVersionDate "2017.10.13"]
[SourceQuality "1"]

1. e4 e5 2. Nf3 Nf6 3. Nc3 Nc6 4. Bc4 Nxe4 5. Nxe4 d5 6. Bd3 dxe4 7. Bxe4 Bd6 8. d4 Nxd4 9. Nxd4 exd4 10. Qxd4 0-0 11. Bd2 Qe7 12. 0-0-0 Be5 13. Qe3 Qf6 14. c3 c6 15. f4 Bc7 16. Qf3 Qe6 17. f5 Qxa2 18. h4 a5 19. Bb1 Qa1 20. Be3 b6 21. c4 a4 22. Bd4 c5 23. Bc3 Ra7 24. h5 Bb7 25. Qg4 f6 26. Rd7 Rf7 27. Rhd1 Be4 28. Qxe4 Bf4+ 29. Kc2 Raxd7 30. Rxd7 Rxd7 31. Qe8# 1-0

[Event "Kostanay Ufimtsev Memorial"]
[Site "Kostanay"]
[Date "2014.06.07"]
[Round "4"]
[White "Kozybayeva, Alisa"]
[Black "Tolibayev, Timur"]
[Result "1-0"]
[WhiteElo "1793"]
[BlackElo "1835"]
[PlyCount "53"]
[EventDate "2014.06.04"]
[EventType "swiss"]
[EventRounds "9"]
[EventCountry "KAZ"]
[SourceTitle "EXT 2018"]
[Source "ChessBase"]
[SourceDate "2017.10.13"]
[SourceVersion "1"]
[SourceVersionDate "2017.10.13"]
[SourceQuality "1"]

1. d4 d5 2. c4 e6 3. Nc3 Nf6 4. cxd5 exd5 5. Bg5 Be7 6. e3 Nbd7 7. Qc2 c6 8. Bd3 Nh5 9. Bxe7 Qxe7 10. Nf3 Nf4 11. 0-0 Nxd3 12. Qxd3 0-0 13. Rfe1 Nf6 14. a3 Ne4 15. Nd2 f5 16. f3 Nxd2 17. Qxd2 Qg5 18. Rab1 Bd7 19. f4 Qh4 20. b4 Rf6 21. g3 Qh3 22. Qg2 Qh6 23. b5 Be8 24. bxc6 bxc6 25. Nxd5 Rd6 26. Ne7+ Kh8 27. Nxf5 1-0

[Event "Kostanay Ufimtsev Memorial"]
[Site "Kostanay"]
[Date "2014.06.05"]
[Round "2"]
[White "Tolibayev, Timur"]
[Black "Kvan, Andrey"]
[Result "0-1"]
[WhiteElo "1835"]
[BlackElo "2074"]
[PlyCount "86"]
[EventDate "2014.06.04"]
[EventType "swiss"]
[EventRounds "9"]
[EventCountry "KAZ"]
[SourceTitle "EXT 2018"]
[Source "ChessBase"]
[SourceDate "2017.10.13"]
[SourceVersion "1"]
[SourceVersionDate "2017.10.13"]
[SourceQuality "1"]

1. d4 d6 2. Nf3 g6 3. c4 Bg7 4. Nc3 Nf6 5. e4 0-0 6. Be2 c5 7. 0-0 Bg4 8. d5 e6 9. h3 Bxf3 10. Bxf3 exd5 11. exd5 a6 12. Bf4 Qc7 13. Re1 Nbd7 14. Qc2 Rfe8 15. Rad1 h6 16. b3 Nf8 17. Ne4 Nxe4 18. Bxe4 Re7 19. Qd2 Rae8 20. Bd3 g5 21. Bg3 Be5 22. Bxe5 Rxe5 23. Rxe5 Rxe5 24. f4 gxf4 25. Qxf4 Kg7 26. Rf1 Qe7 27. Rf3 Ng6 28. Bxg6 fxg6 29. Rf2 b5 30. Qd2 b4 31. Kf1 h5 32. Re2 Rxe2 33. Qxe2 Qxe2+ 34. Kxe2 Kf6 35. g3 g5 36. h4 gxh4 37. gxh4 Kf5 38. Ke3 Kg4 39. Ke4 a5 40. Ke3 Kxh4 41. Kf4 Kh3 42. Kf3 h4 43. Kf2 Kg4 0-1